| 000 | 01632ngm a22004090a 4500 | ||
|---|---|---|---|
| 001 | PT13518 | ||
| 003 | AR-LpoUNG | ||
| 005 | 20210202000313.0 | ||
| 007 | vd cvaizq | ||
| 008 | 191001s1998||||ag |||||||||||||||||spa d | ||
| 020 | _a9504359264 (o.c.) | ||
| 040 |
_aAR-LpoUNG _bspa _cAR-LpoUNG _eaacr |
||
| 041 | _aspa | ||
| 044 | _aag | ||
| 082 | 0 | _a982 632v3 | |
| 100 | 1 |
_aPigna, Felipe _edir. |
|
| 245 | 1 | 0 |
_aHistoria Argentina 1837 - 1880 : _bprocesos socioeconómicos, políticos y culturales |
| 260 |
_aBuenos Aires : _bDiana, _c1998. |
||
| 300 | _aVHS (56 min.) : son., col. | ||
| 505 | 0 | _aGuión: Carlos Mora, Marta Dino ; narración: Edgardo Pérez Morán ; asistencia: Natalia Incolla Garay, Sol Povarchik ; guión: Marta Dino, distribución: Mauro Ariel González ; colaboración: Karina Solano ; edición: Martín Gaztelu ; animación: Matías Alonzo, Federico Meliz. - Se acompaña con una guía de trabajo, inventario Nº 12515 | |
| 520 | _aContenido; Los bloqueos; las revoluciones de 1848; Pronunciamiento de Urquiza; Caseros; Buenos Aires y la Confederación; Mitre; Guerra del Paraguay; La conquista del desierto; Roca presidente. | ||
| 650 | 4 | _aANALISIS HISTORICO | |
| 650 | 4 | _aCONFLICTOS ARMADOS | |
| 650 | 4 | _aCULTURA | |
| 650 | 4 | _aHISTORIA | |
| 650 | 4 | _aIDEOLOGIAS POLITICAS | |
| 650 | 4 | _aPOBLACION | |
| 650 | 4 | _aPOLITICA | |
| 650 | 4 | _aSOCIEDAD | |
| 651 | 4 | _aArgentina | |
| 653 | _aVIDEOS | ||
| 653 | _aVIDEOS DIDACTICOS | ||
| 710 | 2 | _aEscuela Superior de Comercio Carlos Pellegrini (Buenos Aires) | |
| 710 | 2 | _aUniversidad de Buenos Aires | |
| 905 | _a13518 | ||
| 942 | _cVIDEO | ||
| 999 |
_c54577 _d54577 |
||